[Event "4NCL Division 2a"]
[Site "Hinckley Island ENG"]
[Date "2014.01.12"]
[Round "4.11"]
[White "Weaving, Richard"]
[Black "Rudd, Jack"]
[Result "1-0"]
[WhiteElo "2243"]
[BlackElo "2206"]
[PlyCount "111"]
[EventDate "2014.01.12"]
[WhiteTeam "Warwickshire Select 1"]
[BlackTeam "Bristol 1"]

1. e4 c5 2. Nc3 Nc6 3. Bb5 Nd4 4. Bc4 e6 5. Nge2 Nf6 6. O-O a6 7. d3 b5 8. Bb3
Nxb3 9. axb3 Bb7 10. Bg5 h6 11. Bh4 g5 12. Bg3 d6 13. f4 Nh5 14. f5 e5 15. Nd5
Bxd5 16. exd5 Nf6 17. Nc3 h5 18. Qf3 g4 19. Qe2 h4 20. Be1 h3 21. g3 Rg8 22.
Bd2 Be7 23. Ne4 Nxd5 24. f6 Bf8 25. c4 Nc7 26. Ba5 bxc4 27. bxc4 Qd7 28. Bxc7
Qxc7 29. Nc3 Qb7 30. Nd5 Bh6 31. Qe4 Ra7 32. Rf2 Rg6 33. b4 cxb4 34. d4 Kf8 35.
dxe5 dxe5 36. Qxe5 Rg5 37. Qd6+ Kg8 38. Ne7+ Kh7 39. Qd3+ Kh8 40. Qd8+ Kh7 41.
Qe8 Qe4 42. Qxf7+ Kh8 43. Qe8+ Kh7 44. Rd1 Ra8 45. Qd7 Kh8 46. Nc8 Bf8 47. Qd8
Qh7 48. Qxf8+ Rg8 49. Rd8 b3 50. Qxg8+ Qxg8 51. Rxg8+ Kxg8 52. f7+ Kf8 53. Nb6
Rd8 54. Na4 Rd1+ 55. Rf1 Rd2 56. Nc5 1-0

[Event "4NCL Division 2a"]
[Site "Hinckley Island ENG"]
[Date "2014.01.12"]
[Round "4.12"]
[White "Beaumont, Chris R"]
[Black "Mason, Donald J"]
[Result "1/2-1/2"]
[WhiteElo "2284"]
[BlackElo "2203"]
[PlyCount "36"]
[EventDate "2014.01.12"]
[WhiteTeam "Bristol 1"]
[BlackTeam "Warwickshire Select 1"]

1. Nf3 e6 2. c4 f5 3. g3 Nf6 4. Bg2 Be7 5. O-O O-O 6. d4 d6 7. b4 Ne4 8. Bb2 a5
9. b5 a4 10. a3 c6 11. Nc3 cxb5 12. Nxb5 Bd7 13. Rb1 Bxb5 14. cxb5 Qa5 15. Qd3
Nd7 16. Rfd1 Rac8 17. Rbc1 d5 18. e3 Bd6 1/2-1/2

[Event "4NCL Division 2a"]
[Site "Hinckley Island ENG"]
[Date "2014.01.12"]
[Round "4.13"]
[White "Stepanyan, Henrik"]
[Black "Buckley, David E"]
[Result "0-1"]
[WhiteElo "2036"]
[BlackElo "2258"]
[PlyCount "102"]
[EventDate "2014.01.12"]
[WhiteTeam "Warwickshire Select 1"]
[BlackTeam "Bristol 1"]

1. c4 e5 2. Nc3 Nc6 3. Nf3 f5 4. d4 e4 5. d5 exf3 6. dxc6 bxc6 7. gxf3 Qh4 8.
Qd3 g6 9. Qe3+ Kf7 10. Qf4 Qxf4 11. Bxf4 d6 12. O-O-O Bg7 13. Kc2 Nf6 14. c5
Nh5 15. Be3 Be5 16. Bd4 Be6 17. Bxe5 dxe5 18. e3 a5 19. b3 Nf6 20. f4 Ng4 21.
Rd2 Rhd8 22. Re2 a4 23. Nxa4 Bd5 24. Rg1 exf4 25. exf4 Nxh2 26. Bg2 Nf3 27.
Bxf3 Bxf3 28. Re3 Be4+ 29. Kc1 Rd5 30. f3 Rd3 31. Rge1 Rxe3 32. Rxe3 Bd5 33.
Nc3 Be6 34. Kb2 h5 35. Ne2 Rg8 36. a4 h4 37. Ng1 g5 38. fxg5 Rxg5 39. Nh3 Rg3
40. Nf4 Bc8 41. Nd3 h3 42. Re1 Kf6 43. Re8 Ba6 44. Nb4 Bf1 45. a5 h2 46. Rh8
Bh3 47. a6 h1=Q 48. a7 Rg2+ 49. Nc2 Qd1 50. a8=Q Qxc2+ 51. Ka3 Qxc5+ 0-1

[Event "4NCL Division 2a"]
[Site "Hinckley Island ENG"]
[Date "2014.01.12"]
[Round "4.14"]
[White "Musson, Adam J"]
[Black "Pitcher, John"]
[Result "0-1"]
[WhiteElo "2096"]
[BlackElo "2251"]
[PlyCount "102"]
[EventDate "2014.01.12"]
[WhiteTeam "Bristol 1"]
[BlackTeam "Warwickshire Select 1"]

1. d4 d5 2. c4 dxc4 3. e4 Nc6 4. d5 Ne5 5. Bf4 Ng6 6. Be3 Nf6 7. Qa4+ Bd7 8.
Qxc4 e5 9. Nc3 a6 10. a4 Bd6 11. Nf3 O-O 12. Be2 Ng4 13. Bg5 f6 14. Bc1 f5 15.
O-O f4 16. h3 h5 17. b4 Qe7 18. Ba3 Nh4 19. b5 Nxf3+ 20. Bxf3 Nf6 21. Bxd6 cxd6
22. b6 Rac8 23. Qb4 g5 24. Be2 g4 25. Kh2 Rc5 26. Rg1 g3+ 27. fxg3 fxg3+ 28.
Kxg3 Rxc3+ 29. Kh2 Rc2 30. Rae1 Kh8 31. Qb3 Rc5 32. Qe3 Qg7 33. Ref1 Qg6 34.
Rf3 Rg8 35. g3 Rcc8 36. Bd3 Nh7 37. Rgf1 a5 38. Rf7 Rg7 39. R7f2 Rcg8 40. Rf3
Bxa4 41. Ra1 Bd7 42. Raf1 a4 43. Qd2 Ra8 44. Qa2 a3 45. Bb1 Bxh3 46. Kxh3 Ng5+
47. Kg2 Nxf3 48. Rxf3 Rf7 49. Rc3 Qg5 50. Qe2 Raf8 51. Rc2 h4 0-1

[Event "4NCL Division 2a"]
[Site "Hinckley Island ENG"]
[Date "2014.01.12"]
[Round "4.15"]
[White "James, Ann-Marie"]
[Black "Krzyzanowski, Patryk"]
[Result "1/2-1/2"]
[WhiteElo "2068"]
[BlackElo "2008"]
[PlyCount "104"]
[EventDate "2014.01.12"]
[WhiteTeam "Warwickshire Select 1"]
[BlackTeam "Bristol 1"]

1. e4 c5 2. c3 g6 3. Nf3 Bg7 4. Bc4 Nc6 5. O-O Nf6 6. e5 Ng4 7. d4 cxd4 8. cxd4
d5 9. Bb3 Na5 10. Nc3 e6 11. Bg5 f6 12. exf6 Nxf6 13. Rc1 O-O 14. Re1 Qb6 15.
Na4 Qd6 16. Bc2 b6 17. Nc3 Ba6 18. Bd3 Bxd3 19. Qxd3 a6 20. Bh4 Nh5 21. Ne2 Bh6
22. Rc2 Nc6 23. a3 b5 24. Qd1 Na5 25. Bg5 Bg7 26. Bd2 Qd8 27. Bb4 Re8 28. Qc1
Nc4 29. b3 Nd6 30. Ne5 Rc8 31. Nc6 Qd7 32. Bxd6 Qxd6 33. Ne7+ Rxe7 34. Rxc8+
Bf8 35. Rc6 Qb8 36. Rxa6 e5 37. dxe5 Qxe5 38. Rc6 Nf4 39. Qe3 Qg5 40. Qf3 Qe5
41. Kf1 Nxe2 42. Qxe2 Qxh2 43. Qxe7 Bxe7 44. Rxe7 Kf8 45. Rcc7 Qh1+ 46. Ke2
Qxg2 47. Rf7+ Kg8 48. Rfd7 Qe4+ 49. Kd2 Qd4+ 50. Ke2 Qe4+ 51. Kd2 Qd4+ 52. Ke2
Qe4+ 1/2-1/2

[Event "4NCL Division 2a"]
[Site "Hinckley Island ENG"]
[Date "2014.01.12"]
[Round "4.16"]
[White "Dilleigh, Stephen P"]
[Black "Shephard, Chris CW"]
[Result "0-1"]
[WhiteElo "2154"]
[BlackElo "2162"]
[PlyCount "66"]
[EventDate "2014.01.12"]
[WhiteTeam "Bristol 1"]
[BlackTeam "Warwickshire Select 1"]

1. d4 Nf6 2. c4 c5 3. d5 e5 4. Nc3 d6 5. e4 g6 6. Be2 Bg7 7. Bg5 a6 8. a4 Qe7
9. Qd2 h6 10. Be3 Ng4 11. Bxg4 Bxg4 12. f3 Bc8 13. h4 h5 14. g3 Nd7 15. a5 Rb8
16. Nh3 b5 17. axb6 Rxb6 18. Nf2 Rb4 19. Ra4 Rb8 20. Ra3 f5 21. Nd3 O-O 22. Bg5
Qf7 23. O-O Nf6 24. Raa1 Kh7 25. Rae1 Qb7 26. b3 fxe4 27. fxe4 Bh3 28. Rf2 Ng4
29. Rxf8 Rxf8 30. Rb1 Qxb3 31. Nf4 exf4 32. Rxb3 fxg3 33. Rb1 g2 0-1

[Event "4NCL Division 2a"]
[Site "Hinckley Island ENG"]
[Date "2014.01.12"]
[Round "4.17"]
[White "Lam, Paul GM"]
[Black "Slade, Theo"]
[Result "1-0"]
[WhiteElo "2125"]
[BlackElo "1811"]
[PlyCount "49"]
[EventDate "2014.01.12"]
[WhiteTeam "Warwickshire Select 1"]
[BlackTeam "Bristol 1"]

1. Nc3 d5 2. e4 e6 3. g3 Nf6 4. Bg2 c5 5. Nge2 Nc6 6. d3 Be7 7. O-O O-O 8. f4
b6 9. f5 dxe4 10. Nxe4 Nxe4 11. Bxe4 Qc7 12. Nf4 Bf6 13. Qf3 Nd4 14. Qg2 Rb8
15. Nh5 Be5 16. f6 g6 17. Bh6 Rd8 18. Qd2 Bb7 19. Rae1 Bd6 20. Bg7 Bxe4 21.
Rxe4 e5 22. Qh6 gxh5 23. Rh4 Ne6 24. Rxh5 Nf8 25. Bxf8 1-0

[Event "4NCL Division 2a"]
[Site "Hinckley Island ENG"]
[Date "2014.01.12"]
[Round "4.18"]
[White "White, Martin J"]
[Black "Baruch, Andrew JD"]
[Result "0-1"]
[WhiteElo "1844"]
[BlackElo "2071"]
[PlyCount "80"]
[EventDate "2014.01.12"]
[WhiteTeam "Bristol 1"]
[BlackTeam "Warwickshire Select 1"]

1. e4 g6 2. d4 Bg7 3. Nc3 d6 4. Nf3 a6 5. Be2 b5 6. O-O Bb7 7. Re1 b4 8. Nd5
Bxd5 9. exd5 Nf6 10. Bd2 O-O 11. Bxb4 Nxd5 12. Ba5 Nc6 13. Qd2 Nxa5 14. Qxa5 c5
15. Qxd8 Rfxd8 16. c3 e6 17. Red1 Rdb8 18. Rab1 Ra7 19. c4 Nb4 20. a3 Nc6 21.
dxc5 dxc5 22. Rd6 Rc7 23. b3 Bf8 24. Rd3 Rcb7 25. Nd2 Nd4 26. Bd1 a5 27. Nf3
Bg7 28. Nxd4 Bxd4 29. a4 f5 30. g4 Kf7 31. Bf3 Rb6 32. Kg2 Kf6 33. h3 e5 34.
Bd1 e4 35. Rd2 Kg5 36. Kg3 f4+ 37. Kg2 f3+ 38. Kh2 Kf4 39. Bc2 Re6 40. Re1 Bc3
0-1

[Event "4NCL Division 2a"]
[Site "Hinckley Island ENG"]
[Date "2014.01.12"]
[Round "4.21"]
[White "Lock, Gavin R"]
[Black "Merry, Alan B"]
[Result "0-1"]
[WhiteElo "2186"]
[BlackElo "2315"]
[PlyCount "64"]
[EventDate "2014.01.12"]
[WhiteTeam "Wessex"]
[BlackTeam "Anglian Avengers 1"]

1. d4 Nf6 2. Nf3 g6 3. c4 Bg7 4. Nc3 O-O 5. e4 d6 6. h3 e5 7. d5 Nh5 8. Nh2 Qe8
9. Be2 Nf4 10. Bf3 f5 11. g3 Nxh3 12. Bg2 fxe4 13. Nxe4 Bf5 14. Be3 Na6 15. Qd2
Nf4 16. Bf3 Nh5 17. g4 Bxe4 18. Bxe4 Nf6 19. Bc2 e4 20. O-O-O Nd7 21. Bd4 Bxd4
22. Qxd4 Qe5 23. g5 Qxg5+ 24. Kb1 Rf4 25. Rdg1 Qf6 26. Qe3 Ne5 27. b3 Nb4 28.
Bxe4 Rxf2 29. Qd4 Nxc4 30. Qxf6 Na3+ 31. Kc1 Nxa2+ 32. Kd1 Rxf6 0-1

[Event "4NCL Division 2a"]
[Site "Hinckley Island ENG"]
[Date "2014.01.12"]
[Round "4.22"]
[White "Munson, Shaun D"]
[Black "Rutter, Nick J"]
[Result "0-1"]
[WhiteElo "2168"]
[BlackElo "2174"]
[PlyCount "34"]
[EventDate "2014.01.12"]
[WhiteTeam "Anglian Avengers 1"]
[BlackTeam "Wessex"]

1. d4 d5 2. Nc3 g6 3. Bg5 Bg7 4. e3 Nf6 5. Be2 c5 6. dxc5 Qa5 7. Qd2 O-O 8.
O-O-O Ne4 9. Nxe4 Qxa2 10. c3 Bf5 11. Bd3 Bxe4 12. Bxe4 dxe4 13. Bxe7 Nc6 14.
Bxf8 Qa1+ 15. Kc2 Nb4+ 16. Kb3 Qa2+ 17. Kxb4 a5+ 0-1

[Event "4NCL Division 2a"]
[Site "Hinckley Island ENG"]
[Date "2014.01.12"]
[Round "4.23"]
[White "Simons, Martin J"]
[Black "Mayhew, Andrew"]
[Result "0-1"]
[WhiteElo "2117"]
[BlackElo "2073"]
[PlyCount "70"]
[EventDate "2014.01.12"]
[WhiteTeam "Wessex"]
[BlackTeam "Anglian Avengers 1"]

1. d4 Nf6 2. Nf3 g6 3. Nc3 d5 4. Bf4 Bg7 5. e3 O-O 6. Be2 c5 7. Ne5 Nc6 8. O-O
cxd4 9. exd4 Bf5 10. Nxc6 bxc6 11. Na4 Nd7 12. g4 e5 13. dxe5 Be6 14. Be3 Qa5
15. c3 Nxe5 16. b4 Qc7 17. Nc5 Rae8 18. Bd4 f5 19. Nxe6 Rxe6 20. gxf5 gxf5 21.
f4 Ng6 22. Bf3 Nxf4 23. Kh1 Rh6 24. Qd2 Ng6 25. Bxg7 Qxg7 26. b5 cxb5 27. Qxd5+
Kh8 28. Qd4 Ne5 29. Be2 Rxh2+ 30. Kxh2 Rg8 31. Bg4 Nxg4+ 32. Kg3 Nf6+ 33. Kf4
Qg4+ 34. Ke5 Re8+ 35. Kxf6 Qg6# 0-1

[Event "4NCL Division 2a"]
[Site "Hinckley Island ENG"]
[Date "2014.01.12"]
[Round "4.24"]
[White "Tozer, Philip AA"]
[Black "Gregory, Keith DF"]
[Result "1/2-1/2"]
[WhiteElo "2141"]
[BlackElo "2035"]
[PlyCount "72"]
[EventDate "2014.01.12"]
[WhiteTeam "Anglian Avengers 1"]
[BlackTeam "Wessex"]

1. c4 d6 2. g3 e5 3. Bg2 Nc6 4. Nc3 Be6 5. d3 Qd7 6. Rb1 Nge7 7. b4 Nd8 8. Nf3
f6 9. O-O h5 10. Qb3 Bh3 11. d4 h4 12. dxe5 Bxg2 13. Kxg2 hxg3 14. fxg3 Qh3+
15. Kg1 dxe5 16. Qa4+ Nec6 17. Be3 Ne6 18. Ne4 Qg4 19. Nc5 Bxc5 20. bxc5 Qe4
21. Rb3 O-O 22. Nd2 Qc2 23. Qa3 Ncd4 24. Rb2 Qg6 25. Bxd4 Nxd4 26. Nf3 Qe4 27.
Nxd4 Qxd4+ 28. e3 Qe4 29. Rd1 Rad8 30. Rbd2 Rxd2 31. Rxd2 b6 32. Rd7 Qc6 33.
Qd3 Qxc5 34. Qg6 Qxe3+ 35. Kg2 Qe2+ 36. Kg1 Qe1+ 1/2-1/2

[Event "4NCL Division 2a"]
[Site "Hinckley Island ENG"]
[Date "2014.01.12"]
[Round "4.25"]
[White "de Coverly, Roger D"]
[Black "Player, Edmund C"]
[Result "0-1"]
[WhiteElo "2018"]
[BlackElo "2243"]
[PlyCount "76"]
[EventDate "2014.01.12"]
[WhiteTeam "Wessex"]
[BlackTeam "Anglian Avengers 1"]

1. e4 e6 2. d4 d5 3. Nd2 Be7 4. Ngf3 Nf6 5. e5 Nfd7 6. c4 dxc4 7. Bxc4 Nb6 8.
Bd3 Nc6 9. Nb3 a5 10. a4 Qd5 11. O-O Nb4 12. Be3 Nxd3 13. Qxd3 Bd7 14. Rfc1
Bxa4 15. Nc5 Bc6 16. Ne1 O-O 17. Qf1 a4 18. Ned3 Bb5 19. Qd1 Bxd3 20. Qxd3 Rfd8
21. Qd1 Bxc5 22. Rxc5 Qxc5 23. dxc5 Rxd1+ 24. Rxd1 Nc4 25. Bc1 Nxe5 26. f4 Nc6
27. Rd7 Rc8 28. Kf2 Kf8 29. Ke2 Ke8 30. Rd3 Rd8 31. Ra3 Nd4+ 32. Kf2 Nb3 33.
Be3 Ra8 34. Ke2 Kd7 35. Kd3 Kc6 36. Kc4 b5+ 37. cxb6 cxb6 38. Bd4 b5+ 0-1

[Event "4NCL Division 2a"]
[Site "Hinckley Island ENG"]
[Date "2014.01.12"]
[Round "4.26"]
[White "Spence, David J"]
[Black "Pleasants, Allan J"]
[Result "1/2-1/2"]
[WhiteElo "2216"]
[BlackElo "2025"]
[PlyCount "63"]
[EventDate "2014.01.12"]
[WhiteTeam "Anglian Avengers 1"]
[BlackTeam "Wessex"]

1. e4 c5 2. c3 d5 3. exd5 Qxd5 4. d4 Nf6 5. Nf3 Nc6 6. dxc5 Qxd1+ 7. Kxd1 Bg4
8. Be3 Nd5 9. Bc4 Nxe3+ 10. fxe3 e6 11. b4 a5 12. Bb5 Be7 13. a3 Bf6 14. Ra2
Ke7 15. Bxc6 bxc6 16. e4 e5 17. Rd2 Bg5 18. Rd6 Rhd8 19. Rxd8 Rxd8+ 20. Kc2 Bf4
21. h3 Be6 22. Nbd2 f5 23. Re1 a4 24. Re2 fxe4 25. Nxe4 Bb3+ 26. Kb2 Rd1 27.
Ned2 Be6 28. c4 e4 29. Nxe4 Bxc4 30. Re1 Be5+ 31. Nc3 Rxe1 32. Nxe1 1/2-1/2

[Event "4NCL Division 2a"]
[Site "Hinckley Island ENG"]
[Date "2014.01.12"]
[Round "4.27"]
[White "Gill, Oliver"]
[Black "Gray, Mark S"]
[Result "1-0"]
[WhiteElo "1981"]
[BlackElo "2090"]
[PlyCount "85"]
[EventDate "2014.01.12"]
[WhiteTeam "Wessex"]
[BlackTeam "Anglian Avengers 1"]

1. e4 e5 2. Nf3 Nc6 3. Bb5 a6 4. Bxc6 dxc6 5. O-O f6 6. d4 Bg4 7. dxe5 Qxd1 8.
Rxd1 fxe5 9. Rd3 Bd6 10. Nbd2 Nf6 11. Nc4 O-O 12. Ncxe5 Bh5 13. b3 Rae8 14. Bb2
Nxe4 15. Re1 Nf6 16. c4 Ng4 17. h3 Nxe5 18. Nxe5 Rd8 19. g4 Bf7 20. Rf3 Be8 21.
Rxf8+ Kxf8 22. Re2 Bb4 23. Kg2 Rd1 24. f4 h5 25. f5 hxg4 26. hxg4 Bc5 27. Nf3
b5 28. Bxg7+ Kxg7 29. Rxe8 Rc1 30. cxb5 Rc2+ 31. Kg3 Bd6+ 32. Ne5 cxb5 33. g5
Bxe5+ 34. Rxe5 Rxa2 35. Re7+ Kf8 36. Rxc7 Rd2 37. f6 Rd1 38. Kg4 a5 39. Kf5 Rd8
40. g6 Ra8 41. g7+ Kg8 42. Kg6 a4 43. f7# 1-0

[Event "4NCL Division 2a"]
[Site "Hinckley Island ENG"]
[Date "2014.01.12"]
[Round "4.28"]
[White "Talsma, Paul A"]
[Black "Zhou, Yang-Jian"]
[Result "1-0"]
[WhiteElo "2186"]
[BlackElo "1706"]
[PlyCount "93"]
[EventDate "2014.01.12"]
[WhiteTeam "Anglian Avengers 1"]
[BlackTeam "Wessex"]

1. d4 Nf6 2. c4 d6 3. Nc3 g6 4. e4 Bg7 5. Bg5 O-O 6. Qd2 c5 7. d5 e6 8. Be2
exd5 9. exd5 Re8 10. Nf3 Bg4 11. O-O Nbd7 12. h3 Bxf3 13. Bxf3 Ne5 14. Be2 Qb6
15. Qc2 h6 16. Bd2 Re7 17. Rae1 Rae8 18. b3 Ned7 19. Bd1 Qd8 20. Rxe7 Rxe7 21.
Re1 Qe8 22. Rxe7 Qxe7 23. Qd3 a6 24. Qe2 Kf8 25. a4 Qe5 26. Qxe5 Nxe5 27. Be2
Nfd7 28. f4 f5 29. fxe5 Nxe5 30. g4 fxg4 31. hxg4 g5 32. Ne4 Ke7 33. Ng3 Bf8
34. Kf2 b6 35. Nf5+ Kf6 36. a5 bxa5 37. Bxa5 h5 38. Bd8+ Kg6 39. Ne7+ Kf7 40.
Nc6 Nxg4+ 41. Bxg4 hxg4 42. Kg3 Ke8 43. Kxg4 Kd7 44. Kxg5 Bg7 45. Bf6 Bf8 46.
Kg6 Kc7 47. Bg5 1-0

[Event "4NCL Division 2a"]
[Site "Hinckley Island ENG"]
[Date "2014.01.12"]
[Round "4.31"]
[White "Spencer, Carl J"]
[Black "Brown, Tom"]
[Result "1/2-1/2"]
[WhiteElo "2204"]
[BlackElo "2088"]
[PlyCount "70"]
[EventDate "2014.01.12"]
[WhiteTeam "Cambridge University 2"]
[BlackTeam "Rhyfelwyr Essyllwg"]

1. e4 c6 2. d4 d5 3. e5 c5 4. c3 Nc6 5. Be3 Nh6 6. Bxh6 gxh6 7. dxc5 Nxe5 8.
Qh5 Bg7 9. Nd2 O-O 10. Ngf3 Ng4 11. h3 Nf6 12. Qh4 Qc7 13. Nb3 Ne4 14. g4 Qf4
15. Bg2 Bf6 16. g5 Qxh4 17. Nxh4 hxg5 18. Nf3 Bd7 19. Nfd4 e5 20. Nc2 a5 21.
Ne3 Be6 22. Bxe4 dxe4 23. Nd2 Be7 24. Nxe4 f5 25. Nxg5 Bxg5 26. Rg1 h6 27. h4
f4 28. Nf1 Rf5 29. Nd2 Bd5 30. f3 Kf7 31. hxg5 Rxg5 32. Rh1 Rh8 33. b4 Rg3 34.
Kf2 Rhg8 35. Rh2 axb4 1/2-1/2

[Event "4NCL Division 2a"]
[Site "Hinckley Island ENG"]
[Date "2014.01.12"]
[Round "4.32"]
[White "Bullen, Alex"]
[Black "Churm, Rohan M"]
[Result "0-1"]
[WhiteElo "2016"]
[BlackElo "2174"]
[PlyCount "64"]
[EventDate "2014.01.12"]
[WhiteTeam "Rhyfelwyr Essyllwg"]
[BlackTeam "Cambridge University 2"]

1. e4 e6 2. d4 d5 3. Nc3 Bb4 4. e5 c5 5. Bd2 Ne7 6. a3 Bxc3 7. Bxc3 b6 8. Bb5+
Bd7 9. Bd3 Nbc6 10. Nf3 Qc7 11. Bd2 cxd4 12. Bf4 f5 13. Qe2 O-O 14. h4 Ng6 15.
Bh2 Qd8 16. h5 Nh4 17. Nd2 f4 18. g3 Ng2+ 19. Kf1 fxg3 20. Bxg3 Nf4 21. Qg4
Nxe5 22. Qd1 Nexd3 23. cxd3 Nxd3 24. Nb3 Bb5 25. Kg1 Qg5 26. Nxd4 Nxf2 27. Qb3
Bd3 28. Rh2 Qxg3+ 29. Rg2 Qh4 30. Rxg7+ Kxg7 31. Nxe6+ Kh6 32. Nxf8 Qg3# 0-1

[Event "4NCL Division 2a"]
[Site "Hinckley Island ENG"]
[Date "2014.01.12"]
[Round "4.34"]
[White "Hatchett, Paul D"]
[Black "Pickard, Charles"]
[Result "1/2-1/2"]
[WhiteElo "1972"]
[BlackElo "2108"]
[PlyCount "45"]
[EventDate "2014.01.12"]
[WhiteTeam "Rhyfelwyr Essyllwg"]
[BlackTeam "Cambridge University 2"]

1. e4 c5 2. Nf3 e6 3. d3 Nc6 4. g3 g6 5. Bg2 Bg7 6. O-O Nge7 7. c3 O-O 8. Be3
d6 9. d4 cxd4 10. Nxd4 a6 11. a4 Qc7 12. Nd2 Rb8 13. Qe2 e5 14. Nxc6 bxc6 15.
b4 f5 16. a5 Qd7 17. Bh3 d5 18. Rad1 Qb7 19. Bb6 fxe4 20. Bxc8 Qxc8 21. Nb3 Rf3
22. Nc5 Ra8 23. c4 1/2-1/2

[Event "4NCL Division 2a"]
[Site "Hinckley Island ENG"]
[Date "2014.01.12"]
[Round "4.35"]
[White "Makarov, Alexander"]
[Black "Blackburn, Suzy G"]
[Result "1/2-1/2"]
[WhiteElo "2154"]
[BlackElo "1959"]
[PlyCount "78"]
[EventDate "2014.01.12"]
[WhiteTeam "Cambridge University 2"]
[BlackTeam "Rhyfelwyr Essyllwg"]

1. e4 e6 2. d3 c5 3. g3 d5 4. Nd2 Nc6 5. Bg2 Nf6 6. Ne2 h5 7. h3 b5 8. O-O Bb7
9. a4 b4 10. exd5 Nxd5 11. Nc4 Be7 12. Nf4 Nxf4 13. Bxf4 Na5 14. Bxb7 Nxb7 15.
Qf3 Qd5 16. Qxd5 exd5 17. Ne3 Rd8 18. Nf5 Bf6 19. Rfe1+ Kf8 20. Be5 Bxe5 21.
Rxe5 f6 22. Re6 c4 23. d4 Rb8 24. Rae1 Kf7 25. Re7+ Kg6 26. Nxg7 Nd6 27. Ne6
Nf5 28. Nf4+ Kh6 29. R7e6 Nxd4 30. Rxf6+ Kg7 31. Nxd5 Rhe8 32. Rxe8 Rxe8 33.
Ra6 Nxc2 34. Rxa7+ Kh6 35. Rb7 Re1+ 36. Kg2 Rb1 37. Nxb4 Ne1+ 38. Kh2 Nf3+ 39.
Kg2 Ne1+ 1/2-1/2

[Event "4NCL Division 2a"]
[Site "Hinckley Island ENG"]
[Date "2014.01.12"]
[Round "4.36"]
[White "Staniforth, Matthew"]
[Black "Chan, Nevil"]
[Result "0-1"]
[WhiteElo "1899"]
[BlackElo "2012"]
[PlyCount "26"]
[EventDate "2014.01.12"]
[WhiteTeam "Rhyfelwyr Essyllwg"]
[BlackTeam "Cambridge University 2"]

1. e4 Nc6 2. Bc4 Nf6 3. Nc3 e6 4. d4 Nxe4 5. Nxe4 d5 6. Bd3 dxe4 7. Bxe4 Nxd4
8. Nf3 Bc5 9. c3 Nxf3+ 10. Qxf3 Qf6 11. Bc6+ Ke7 12. Qg3 Bd6 13. Qg4 h5 0-1

[Event "4NCL Division 2a"]
[Site "Hinckley Island ENG"]
[Date "2014.01.12"]
[Round "4.41"]
[White "Sathyanandha, Saravanan"]
[Black "Posazhennikov, Alex"]
[Result "1-0"]
[WhiteElo "2168"]
[BlackElo "2253"]
[PlyCount "89"]
[EventDate "2014.01.12"]
[WhiteTeam "KJCA Kings"]
[BlackTeam "Poisoned Pawns"]

1. e4 c5 2. c3 d5 3. exd5 Qxd5 4. d4 Nc6 5. Nf3 Bg4 6. Be2 O-O-O 7. Be3 cxd4 8.
cxd4 e5 9. Nc3 Bb4 10. O-O Bxc3 11. bxc3 e4 12. Ne5 Bxe2 13. Qxe2 Nxe5 14. dxe5
Ne7 15. Qg4+ Kb8 16. Rad1 h5 17. Rxd5 hxg4 18. Rd4 Rxd4 19. Bxd4 Nc6 20. Re1
Nxd4 21. cxd4 f5 22. exf6 gxf6 23. Rxe4 f5 24. Rf4 Rd8 25. f3 gxf3 26. Rxf3 Rd5
27. h4 Rxd4 28. h5 Kc7 29. h6 Rd7 30. Rc3+ Kb6 31. Rh3 Rh7 32. Kf2 Kc5 33. Kf3
Kd6 34. Kf4 Ke6 35. Kg5 Rh8 36. h7 Kf7 37. Kxf5 Kg7 38. Ke6 b5 39. Rg3+ Kh6 40.
Kf7 a5 41. Rh3+ Kg5 42. Kg7 Rb8 43. h8=Q Rb7+ 44. Kf8 Rb8+ 45. Ke7 1-0

[Event "4NCL Division 2a"]
[Site "Hinckley Island ENG"]
[Date "2014.01.12"]
[Round "4.42"]
[White "Swanson, Stephen"]
[Black "Green, Andrew D"]
[Result "1-0"]
[WhiteElo "2228"]
[BlackElo "2144"]
[PlyCount "79"]
[EventDate "2014.01.12"]
[WhiteTeam "Poisoned Pawns"]
[BlackTeam "KJCA Kings"]

1. e4 c5 2. Nf3 d6 3. d4 cxd4 4. Qxd4 Nc6 5. Bb5 Bd7 6. Bxc6 Bxc6 7. Nc3 h6 8.
Be3 e5 9. Qd3 Nf6 10. h3 Be7 11. O-O O-O 12. Rad1 a6 13. Nh2 b5 14. a3 Qd7 15.
f4 Rad8 16. Nd5 exf4 17. Bxf4 Nxd5 18. exd5 Bb7 19. Bg3 Rde8 20. Rf3 Bd8 21.
Kh1 f5 22. Rdf1 g6 23. Bf4 g5 24. Bg3 Bc8 25. Be1 Qe7 26. Bb4 a5 27. Re1 Qd7
28. Rxe8 Rxe8 29. Bc3 h5 30. Rf1 Re4 31. b3 b4 32. axb4 axb4 33. Bb2 Qa7 34.
Qg3 f4 35. Qd3 Qe3 36. Qb5 Qe2 37. Qb8 Qa6 38. Ra1 Qb7 39. Qxd6 Be7 40. Qg6+
1-0

[Event "4NCL Division 2a"]
[Site "Hinckley Island ENG"]
[Date "2014.01.12"]
[Round "4.43"]
[White "Jones, William EG"]
[Black "Byway, Paul V"]
[Result "1/2-1/2"]
[WhiteElo "2128"]
[BlackElo "2115"]
[PlyCount "56"]
[EventDate "2014.01.12"]
[WhiteTeam "KJCA Kings"]
[BlackTeam "Poisoned Pawns"]

1. e4 c5 2. Nf3 e6 3. d4 cxd4 4. Nxd4 Nf6 5. Nc3 Nc6 6. Ndb5 Bb4 7. a3 Bxc3+ 8.
Nxc3 d5 9. exd5 exd5 10. Bd3 O-O 11. O-O d4 12. Ne2 Qb6 13. b4 Rd8 14. h3 a6
15. Bg5 Ne5 16. f4 Nxd3 17. Qxd3 Bf5 18. Qxf5 d3+ 19. Qc5 Qxc5+ 20. bxc5 dxe2
21. Rfe1 Rd2 22. Bxf6 gxf6 23. Rab1 Rc8 24. Rxb7 Rxc5 25. Kf2 Rdxc2 26. Rb6 Ra5
27. Rxf6 Rxa3 28. Rxe2 Rxe2+ 1/2-1/2

[Event "4NCL Division 2a"]
[Site "Hinckley Island ENG"]
[Date "2014.01.12"]
[Round "4.44"]
[White "Goodger, Martyn"]
[Black "Oswald, David C"]
[Result "0-1"]
[WhiteElo "2114"]
[BlackElo "2098"]
[PlyCount "82"]
[EventDate "2014.01.12"]
[WhiteTeam "Poisoned Pawns"]
[BlackTeam "KJCA Kings"]

1. e4 c5 2. c3 Nf6 3. e5 Nd5 4. Bc4 Nb6 5. Bb3 Nc6 6. Nf3 d5 7. exd6 e6 8. d4
cxd4 9. cxd4 Bxd6 10. O-O O-O 11. Nc3 Bd7 12. a3 Rc8 13. Qd3 Be7 14. Re1 Re8
15. Bc2 g6 16. Bb3 Na5 17. Ba2 Nac4 18. Ne5 Nxe5 19. dxe5 Bc6 20. Qh3 Qc7 21.
Bh6 Rcd8 22. Rac1 Qb8 23. Bxe6 fxe6 24. Qxe6+ Kh8 25. Qf7 Bf8 26. Bg5 Bg7 27.
Bf6 Rg8 28. Bxd8 Qxd8 29. e6 Qg5 30. g3 Rf8 31. Qc7 Bd4 32. e7 Bxf2+ 33. Kf1
Rc8 34. Qe5+ Qxe5 35. Rxe5 Bd4 36. Re2 Re8 37. Rd1 Bf6 38. Rde1 Bxc3 39. bxc3
Bb5 40. Kf2 Bxe2 41. Rxe2 Kg7 0-1

[Event "4NCL Division 2a"]
[Site "Hinckley Island ENG"]
[Date "2014.01.12"]
[Round "4.45"]
[White "Hookham, James"]
[Black "Kemp, Paul R"]
[Result "1-0"]
[WhiteElo "2090"]
[BlackElo "2102"]
[PlyCount "73"]
[EventDate "2014.01.12"]
[WhiteTeam "KJCA Kings"]
[BlackTeam "Poisoned Pawns"]

1. e4 c6 2. Nc3 d5 3. Nf3 Bg4 4. h3 Bxf3 5. Qxf3 Nf6 6. d3 e6 7. Bd2 Nbd7 8. g4
b5 9. g5 b4 10. Nd1 Ng8 11. h4 Bd6 12. Bh3 Ne7 13. h5 Qb6 14. Ne3 Be5 15. Bc1
Rd8 16. Ng4 Bd4 17. Be3 dxe4 18. Qxe4 Nf5 19. g6 Nc5 20. gxf7+ Kxf7 21. Ne5+
Kf6 22. Ng4+ Kf7 23. Ne5+ Kf6 24. Bxd4 Rxd4 25. Qe2 Qc7 26. Ng4+ Kf7 27. Ne5+
Kf6 28. Ng4+ Kf7 29. O-O-O Rf8 30. Qe5 Qa5 31. Kb1 Rd5 32. Qe1 Na4 33. Ne3 Nxe3
34. Qxe3 Re5 35. Qf3+ Kg8 36. Qxc6 Qd5 37. Qxa4 1-0

[Event "4NCL Division 2a"]
[Site "Hinckley Island ENG"]
[Date "2014.01.12"]
[Round "4.46"]
[White "Rosen, Daniel B"]
[Black "Ball, Laurence"]
[Result "1/2-1/2"]
[WhiteElo "2086"]
[BlackElo "2102"]
[PlyCount "34"]
[EventDate "2014.01.12"]
[WhiteTeam "Poisoned Pawns"]
[BlackTeam "KJCA Kings"]

1. e4 e5 2. Nf3 d6 3. d4 exd4 4. Nxd4 Nf6 5. Nc3 Be7 6. Be2 O-O 7. O-O Re8 8.
Be3 c5 9. Nb3 Nc6 10. Qd2 a6 11. a4 Be6 12. Rad1 Na5 13. Nxa5 Qxa5 14. Bf3 Qb4
15. Nd5 Nxd5 16. exd5 Qxd2 17. Rxd2 Bd7 1/2-1/2